00525 2200217 4500001002100000005001700021008004100038020002200079035002500101040001200126082001400138084001400152100001600166245001800182250001000200260002800210300001900238650002100257850001200278990001700290INLIS00000000000674320150622115454.0  a978-979-22-5212-5 a0010-061500000000864 aYOPDYOG a813 DEW a a813 DEW a aDewea Sekar aAlita @ First aCet 2 aJakartabGramediac2010 a328 hlmc20 cm aSastra Indonesia aYOPDYOG a2816-KS/B.11